| 000 | 00722nam a2200241 a 4500 | ||
|---|---|---|---|
| 008 | |||
| 020 | _a0412110407 (pbk.) | ||
| 049 | _aMAIN | ||
| 090 | _aQA402.5 | ||
| 100 | 1 | _aAdby, P. R. | |
| 245 | 0 |
_aIntroduction to optimization methods / _cP.R. Adby and M.A.H. Dempster. |
|
| 260 |
_aLondon : _bChapman and Hall, _c1974. |
||
| 300 |
_avii,204p. : _bill. ; _c22cm |
||
| 440 | _aChapman and Hall Mathematics series. | ||
| 504 | _aIncludes Bibliographical references. | ||
| 500 | _aIncludes index. | ||
| 700 | _aDempster, M. A. H. | ||
| 907 |
_a.b1017557x _b26-09-05 _c15-09-05 |
||
| 003 | |||
| 005 | 20230123134110.0 | ||
| 040 | _cNUST | ||
| 942 |
_cBOOKS _kQA402.5 |
||
| 999 |
_c160008 _d160008 |
||